000 00794nam a2200229Ia 4500
003 GCL
005 20240530104242.0
008 140319s9999 xx 000 0 ara d
040 _aGCL /
_cGCL
082 0 4 _a658.2
_bع ت
100 1 _aعاطف محمد عبيد
245 1 0 _aالتنظيم الصناعى وادارة الانتاج /
_cعاطف محمد عبيد ، حمدى فؤاد على
260 _aبيروت :
_bدار النهضة العربية ،
_c1974
300 _a630 ص ؛
_c24 سم
490 _aمراجع ادارة الاعمال
650 0 4 _aالعقود
650 0 4 _aادارة الانتاج
650 0 4 _aالسوق
650 0 4 _aالدول النامية - الاحوال الاقتصادية
700 1 _aحمدى فؤاد على
942 _2ddc
_cBK
999 _c45877
_d45877